• 首页
  • 本馆介绍
  • 公告通知
  • 最新文献
  • 馆藏检索
  • 电子资源
  • 读者导购
  • 参考咨询
  • 我的图书馆
  • 登录
  • 详细信息显示
  • 放入我的书架
  • 预约/预借图书
  • 作者相关作品
  • 分类相关作品
  • 丛书相关作品
  • 出版社相关作品

书目信息

  • 表格格式
  • 工作单格式
  • 卡片格式
题名:
新艺术设计
    
 
作者: 钱凤根
分册:  
出版信息: 石家庄   河北美术出版社  1996
页数: 228
开本: 26cm
丛书名:
单 册:
中图分类: TU-86
科图分类:
主题词: 建筑艺术--作品--评价 , 建筑艺术--流派 , 建筑风格
电子资源:
ISBN: 7-5310-0849-1
000 00689nam0 2200217 450
001 0729297901
005 20071003080817.90
010    @a7-5310-0849-1@b精装@d¥280.00
100    @a20071003d km y0chiy0120 ea
101 0  @achi
200 1  @a新艺术设计@Axin yi shu she ji@e世界名派名家设计大系@f钱凤根@Fqian feng gen
210    @a石家庄@c河北美术出版社@d1996
215    @a228@d26cm
517 1  @a世界名派名家设计大系@Ashi jie ming pai ming jia she ji da xi
606 0  @a建筑艺术@x作品@x评价
606 0  @a建筑艺术@x流派
606 0  @a建筑风格
690    @aTU-86@v4
701  0 @a钱凤根@Aqian feng gen
801  0 @aCN@b大连网信软件有限公司图书馆·11@c20071003
905    @a213230@dTU-86@eM22
    
    新艺术设计:世界名派名家设计大系/钱凤根.-石家庄:河北美术出版社,1996
    228;26cm
    
    
    ISBN 7-5310-0849-1(精装):¥280.00
    
●
相关链接 在E读中查询图书 在五车中查询图书 在当当中查询图书 在豆瓣中查询图书


正题名:新艺术设计     索取号:TU-86/M22         预约/预借

序号 登录号 条形码 馆藏地/架位号 状态 备注
1 6401543   264015434   密集书库-美术系/ [索取号:TU-86/M22] 在馆    
唐山师范学院图书馆 欢迎您!
大连网信软件有限公司© 版权所有